000 00909nam a2200241Ia 4500
003 Ost
005 20260507075638.0
008 260507s9999||||xx |||||||||||||| ||und||
020 _a977410000X
040 _cfsecg
041 _aara
082 _a310
100 _aالمغربي، محمد جبر
_eمؤلف
245 0 _aالإحصاء الوصفي /
_c محمد جبر المغربي
260 _aالمنصورة:
_bالمكتبة العصرية,
_c2008
300 _a665 صفحة؛
_bإيضاحات ؛
_c24 سم
504 _aالمراجع ص. 64
520 _aالتعامل مع البيانات ، مقاييس القيمة المركزية ، مقاييس التشتت،مقاييس العزوم، مقاييس الإلتواء، مقاييس التفرطح .
653 _aالإحصاء
653 _aالإحصاء الرياضي
653 _aالرياضيات
942 _cكتاب
999 _c45348
_d45348